| 000 | 00727nam a2200205 a 4500 | ||
|---|---|---|---|
| 001 | BRCA_4207 | ||
| 005 | 20190320204603.0 | ||
| 008 | 020610s1984----u--a######---#000-0#eng-# | ||
| 041 | _aeng | ||
| 044 | _au | ||
| 050 | 4 |
_aTR140.A3 _b.A57 1984 |
|
| 245 | 1 | 0 |
_aAnsel Adams _bPhotographs from the Collection of Mr. & Mrs. Peter G. Scotese. |
| 260 |
_aEstados Unidos _bThe Mint Museum _c1984 |
||
| 300 |
_a25 p. _bil. _c25 cm. |
||
| 500 | _aCatálogo de la exposición realizada en el Museo Casa de Moneda, Departamento de Arte (Charlotte, Carolina del Norte) | ||
| 600 | 1 | 4 |
_aAdams, Ansel _d1902-1984 _910854 |
| 650 | 1 | 4 |
_aFotógrafos _vBiografías _zEstados Unidos _910855 |
| 650 | 1 | 4 |
_aFotografía artística _92547 |
| 942 |
_2lcc _cB |
||
| 999 |
_c3920 _d3920 |
||